LEADER 00854cam0 22002653 450 001 SOB007216 005 20210409105734.0 100 $a20040211d1957 |||||ita|0103 ba 101 $aita 102 $aIT 200 1 $aVocativo$eversi$fAndrea Zanzotto 210 $aMilano$cMondadori$d1957 215 $a88 p.$d18 cm 225 2 $aspecchio$hI poeti del nostro tempo 410 1$1001LAEC00016895$12001 $aLo *specchio. I poeti del nostro tempo 700 1$aZanzotto$b, Andrea$3AF00004547$4070$0174583 801 0$aIT$bUNISOB$c20210409$gRICA 850 $aUNISOB 852 $aUNISOB$j851|Coll|4|K$m13997 912 $aSOB007216 940 $aM 102 Monografia moderna SBN 941 $aM 957 $a851|Coll|4|K$b000004$gSI$d13997$1Spinosa$2UNISOB$3UNISOB$420210409105706.0$520210409105723.0$6Spinosa 996 $aVocativo$998777 997 $aUNISOB LEADER 00797nam1 22002651i 450 001 RML0246982 005 20231121125708.0 010 $a0520027582 100 $a20121121g9999 ||||0itac50 ba 101 | $aeng 102 $aus 181 1$6z01$ai $bxxxe 182 1$6z01$an 200 1 $a˜The œgreek state at war$fW.Kendrick Pritchett 210 $aBerkeley$aLos Angeles$aOxford $cUniversity of California Press 215 $av.$d24 cm 463 1$1001RML0338889$12000 $aPart 5.$fW.Kendrick Pritchett 606 $aGrecia -Storia militare$2FIR$3RMLC379368$9I 676 $a355.00938$9$v21 700 1$aPritchett$b, William Kendrick$3RMLV157284$0152488 801 3$aIT$bIT-01$c20121121 912 $aRML0246982 977 $a 52 996 $aGreek state at war$9178737 997 $aUNICAS